Country by Flag Description - Statistics

General Stats
  • This quiz has been taken 12 times
  • The average score is 9 of 12
Answer Stats
Hint :) Answer :) % Correct
-Blue Cross-White background Finland
100%
-Red, white and red tri colour-Maple leaf in the centre of the flag Canada
90%
-Red flag-Yellow stars China
90%
-White flag-Red circle Japan
90%
-Green, yellow and red horizontal-Has a black star in the centre Ghana
80%
-Union jack in the right corner-Southern cross made with red stars New Zealand
80%
-Yellow circle-Yellow rays coming from it -Red backround North Macedonia
80%
-Yellow Circle-Light blue background Palau
80%
-White cross in the centre of the flag-Red backround Switzerland
80%
-Green star-Red backround Morocco
70%
-Made with the colours blue, red and white-Has 4 squares and 2 stars Panama
50%
-5 horizontal stripes-The colours being Blue, White and Black
-Blue making the majority of the flag -Black being the centre stripe
Botswana
10%
No matching quizzes found
Score Distribution
Percent of People with Each Score
Percentile by Number Answered
Your Score History
You have not taken this quiz